Online
Catalog

El codice de profetas de El Cairo / (Record no. 40634)

MARC details
000 -CABECERA
campo de control de longitud fija 00878nam a2200193 a 4500
001 - NÚMERO DE CONTROL
campo de control 000041144
005 - FECHA Y HORA DE LA ÚLTIMA TRANSACCIÓN
campo de control 20201002034644.0
008 - DATOS DE LONGITUD FIJA--INFORMACIÓN GENERAL
campo de control de longitud fija 130625s1986 sp 000 0 spa d
040 ## - FUENTE DE LA CATALOGACIÓN
Centro catalogador/agencia de origen DO-SdBNP
Lengua de catalogación spa
Centro/agencia transcriptor BNPHU
245 13 - MENCIÓN DE TÍTULO
Título El codice de profetas de El Cairo /
Mención de responsabilidad, etc. Carmen Muñoz Abad...[et.al] ; edición F. Pérez Castro.
260 ## - PUBLICACIÓN, DISTRIBUCIÓN, ETC.
Lugar de publicación, distribución, etc. Madrid :
Nombre del editor, distribuidor, etc. Consejo Superior de Investigaciones Científicas Pérez Castro,
Fecha de publicación, distribución, etc. 1986.
300 ## - DESCRIPCIÓN FÍSICA
Extensión v. ;
Dimensiones 29 cm.
490 1# - MENCIÓN DE SERIE
Mención de serie Textos y estudios Cardenal Cisneros
505 0# - NOTA DE CONTENIDO CON FORMATO
Nota de contenido con formato v. 1
Título Josue,Jueces
Información miscelánea v. 2
Título Samuel
Información miscelánea v. 3
Título Reyes
Información miscelánea v.4
Título Ezequiel
Información miscelánea v. 5
Título Isaias
Información miscelánea v. 7
Título Profetas menores
Información miscelánea v. 8
Título Índice alfabetico de sus mesoras
500 ## - NOTA GENERAL
Nota general Incluye referencias bibliográficas y notas al pie de las páginas
700 1# - PUNTO DE ACCESO ADICIONAL--NOMBRE DE PERSONA
Nombre de persona Muñoz Abad, Carmen
9 (RLIN) 67689
700 1# - PUNTO DE ACCESO ADICIONAL--NOMBRE DE PERSONA
Nombre de persona Pérez Castro, Federico
Término indicativo de función/relación ed.
9 (RLIN) 65433
830 #0 - PUNTO DE ACCESO ADICIONAL DE SERIE-TÍTULO UNIFORME
Título uniforme Textos y estudios Cardenal Cisneros
9 (RLIN) 65577
Holdings
Estado de retiro Estado de pérdida Restricciones de uso No para préstamo Código de colección Localización permanente Ubicación/localización actual Ubicación en estantería Fecha de adquisición Número de inventario Total de préstamos Signatura topográfica completa Código de barras Fecha visto por última vez Precio válido a partir de Tipo de ítem Koha
        Monografías: Libros y Folletos General General Orden iniciada 19.09.2013 LF1   41144-10 25.06.2020 25.06.2020 No se presta
        Monografías: Libros y Folletos General General Orden iniciada 20.09.2013 LF1   41144-20 25.06.2020 25.06.2020 No se presta
        Monografías: Libros y Folletos General General Orden iniciada 20.09.2013 LF1   41144-30 25.06.2020 25.06.2020 No se presta
        Monografías: Libros y Folletos General General Orden iniciada 20.09.2013 LF1   41144-40 25.06.2020 25.06.2020 No se presta
        Monografías: Libros y Folletos General General Orden iniciada 26.09.2013 LF1   41144-50 25.06.2020 25.06.2020 No se presta
        Monografías: Libros y Folletos General General Orden iniciada 26.09.2013 LF1   41144-60 25.06.2020 25.06.2020 No se presta
        Monografías: Libros y Folletos General General Orden iniciada 26.09.2013 LF1   41144-70 25.06.2020 25.06.2020 No se presta

Powered by Koha